Elements of Discrete Mathematics (Record no. 85797)

MARC details
000 -LEADER
fixed length control field 00553pam a2200193 a 4500
020 ## - INTERNATIONAL STANDARD BOOK NUMBER
International Standard Book Number 0-07-066913-9
Terms of availability
040 ## - CATALOGING SOURCE
Original cataloging agency DRVU_517425
041 ## - LANGUAGE CODE
Language code of text/sound track or separate title eng
100 ## - MAIN ENTRY--PERSONAL NAME
Personal name Liu, Chung Laung
Relator term Author
245 ## - TITLE STATEMENT
Title Elements of Discrete Mathematics
Statement of responsibility, etc. Chung Laung Liu and Durga Prasad Mohapatra
Medium Paper
250 ## - EDITION STATEMENT
Edition statement 3rd ed
260 ## - PUBLICATION, DISTRIBUTION, ETC.
Place of publication, distribution, etc. New Delhi
Name of publisher, distributor, etc. Tata McGraw-Hill Education Private Limited
Date of publication, distribution, etc. 2010
300 ## - PHYSICAL DESCRIPTION
Extent 547p.
Other physical details ill.
Dimensions 19 cm
365 ## - TRADE PRICE
Price type code RS265.00
Price note P.B.
500 ## - GENERAL NOTE
General note DUL
504 ## - BIBLIOGRAPHY, ETC. NOTE
Bibliography, etc. note Includes Index
700 ## - ADDED ENTRY--PERSONAL NAME
Personal name Mohapatra, Durga Prasad
930 ## - EQUIVALENCE OR CROSS-REFERENCE-UNIFORM TITLE HEADING [LOCAL, CANADA]
Uniform title 8891
Holdings
Withdrawn status Lost status Damaged status Not for loan Collection Home library Current library Date acquired Source of acquisition Cost, normal purchase price Total Checkouts Full call number Barcode Date last seen Copy number Price effective from Koha item type
          Yashwantrao Mohite College of Arts, Science And Commerce, Pune Yashwantrao Mohite College of Arts, Science And Commerce, Pune 04/06/2021 Bharati Sahakari Madhyavarti Grahak Bhandar 295.00   YMP-38992 24/02/2023 1 24/02/2023 Book